00523nam a2200193 a 4500001001300000003000900013005001700022008004100039020002300080082001700103100001900120245003600139260004400175300000900219500003500228505002400263650002300287700001900310nice12345678IN_TiNIC20260116014359.0111005s2011 newa grp 000 0 eng  a9789380852034c29500a294.334bVAR aVarma, Chandra aHand Book of Buddhist Languages aNew Delhi bBuddhist World Press c2011 a104p aincludes index and biblioraphy2 aBibliography, Index aBuddhism-Languages1 aVarma, Chandra